000
00318 a2200157 4500
001
158510
020
_a
040
_c
Magnum
100
_a
Matsuura, Oscar Toshiaki
240
1
0
_a
Atlas do universo
_l
por
245
1
0
_a
Atlas do universo
362
0
_a
1899
440
1
_a
Scipione
697
_a
ATLAS
942
_c
BK
999
_c
158510
_d
158510